LEADER 01375nam0-2200433---450- 001 990010075820403321 005 20160620120245.0 010 $a978-88-386-6851-7 035 $a001007582 035 $aFED01001007582 035 $a(Aleph)001007582FED01 035 $a001007582 100 $a20160524d2014----km-y0itay50------ba 101 1 $aita 102 $aIT 105 $a--------001yy 200 1 $aCircuiti elettrici$fCharles K. Alexander, Matthew N. O. Sadiku$gedizione italiana a cura di Giambattista Gruosso, Giancarlo Storti Gajani 205 $a4 ed. 210 $aMilano$cMcGraw-Hill$dc2014 215 $aXIX, 549, 148 p.$cill.$d26 cm 225 1 $aCollana di istruzione scientifica$iserie di elettronica 300 $aIn cop.: Con eserciziario 454 0$12001$aFundamentals of electric circuits, fifth ed. 610 0 $aCircuiti elettrici 676 $a621.3192 700 1$aAlexander,$bCharles K. 701 1$aSadiku,$bMatthew N. O. 702 1$aGruosso,$bGiambattista 702 1$aStorti Gajani,$bGiancarlo 801 0$aIT$bUNINA$gRICA$2UNIMARC 901 $aBK 912 $a990010075820403321 952 $a13 23 20$b0714 / 2016$fFINBC 952 $a13 C 26 28$b0715 / 2016$fFINBC 952 $a23 06 E 26$b0716 / 2016$fFINAG 952 $a23 06 E 27$b0717 / 2016$fFINAG 959 $aFINBC 959 $aFINAG 997 $aUNINA LEADER 00889oam 2200277z- 450 001 9911019124903321 005 20030910191045.0 010 $a3-906390-48-9 035 $a(OCoLC)181176423 035 $a(CKB)1000000000376453 035 $a(EXLCZ)991000000000376453 100 $a20210810c1994uuuu -u- - 101 0 $aeng 200 00$aHighlights of chemistry $eas mirrored in Helvetica chimica acta /$fM. Volkan Kisaku?rek, Edgar Heilbronner (eds.) 210 $cJohn Wiley & Sons, Inc 311 $a3-527-29238-1 517 $aHighlights of Chemistry 606 $aChemistry$zSwitzerland$xHistory$y20th century 615 0$aChemistry$xHistory 676 $a540/.9494/0904 701 $aKisaku?rek$b M. Volkan$0426621 701 $aHeilbronner$b Edgar$f1921-$047639 906 $aBOOK 912 $a9911019124903321 996 $aHighlights of chemistry$94418337 997 $aUNINA